000 00857pam a2200277 a 4500
001 15438
003 BD-RjUL
005 20211208235821.0
008 140210s1985 nyua b 001 0 eng
020 _a0442248237
035 _a(BD-RjUL)15492
040 _aDLC
_cDLC
_dDLC
_dBD-RjUL
_beng
041 _aeng
082 0 0 _a658.5
_219
_bKAM 1985
100 1 _aKatzan, Harry.
_947949
245 1 2 _aA manager's guide to productivity, quality circles, and industrial robots /
_cHarry Katzan, Jr.
260 _aNew York :
_bVan Nostrand Reinhold Co.,
_cc1985.
300 _avii, 136 p. :
_bill. ;
_c24 cm.
504 _aBibliography: p. 129-132 and index.
650 0 _aIndustrial productivity.
_99251
650 0 _aQuality circles.
_947950
650 0 _aRobots, Industrial.
_947951
942 _2ddc
_cBK
999 _c15438
_d15438